<?xml version="1.0" encoding="UTF-8"?>
<record
    xmlns:xsi="http://www.w3.org/2001/XMLSchema-instance"
    xsi:schemaLocation="http://www.loc.gov/MARC21/slim http://www.loc.gov/standards/marcxml/schema/MARC21slim.xsd"
    xmlns="http://www.loc.gov/MARC21/slim">

  <leader>01473nam a2200253 u 4500</leader>
  <controlfield tag="001">36803</controlfield>
  <controlfield tag="005">20260428110955.0</controlfield>
  <controlfield tag="008">960313s1976                        spa  </controlfield>
  <datafield tag="035" ind1=" " ind2=" ">
    <subfield code="a">36803</subfield>
  </datafield>
  <datafield tag="035" ind1=" " ind2=" ">
    <subfield code="a">(OCoLC)778084565</subfield>
  </datafield>
  <datafield tag="040" ind1=" " ind2=" ">
    <subfield code="c">comduadb</subfield>
  </datafield>
  <datafield tag="041" ind1=" " ind2=" ">
    <subfield code="a">spa</subfield>
  </datafield>
  <datafield tag="082" ind1=" " ind2="4">
    <subfield code="a">155</subfield>
  </datafield>
  <datafield tag="100" ind1="1" ind2="0">
    <subfield code="a">Lipsitt, Lewis P.</subfield>
    <subfield code="4">aut</subfield>
    <subfield code="e">aut</subfield>
    <subfield code="9">246966</subfield>
  </datafield>
  <datafield tag="245" ind1="1" ind2="0">
    <subfield code="a">Psicolog&#xED;a experimental infantil</subfield>
  </datafield>
  <datafield tag="250" ind1=" " ind2=" ">
    <subfield code="a">1. edici&#xF3;n</subfield>
  </datafield>
  <datafield tag="260" ind1=" " ind2=" ">
    <subfield code="a">M&#xE9;xico :</subfield>
    <subfield code="b">Trillas,</subfield>
    <subfield code="c">1976.</subfield>
  </datafield>
  <datafield tag="300" ind1=" " ind2=" ">
    <subfield code="a">878 p&#xE1;ginas.</subfield>
  </datafield>
  <datafield tag="505" ind1=" " ind2=" ">
    <subfield code="a">CONTENIDO : 1: Introducci&#xF3;n. -- 2: Procesos sensoriales. -- 3: Procesos fundamentales de aprendizaje: I: Condicionamiento cl&#xE1;sico. -- 4: Procesos fundamentales de aprendizaje: II: Condicionamiento instrumental. -- 5: Aprendizaje discriminativo. -- 6: Aprendizaje verbal y memoria. -- 7: Transferencia. -- 8: Disposici&#xF3;n. -- 9: Procesos de la atenci&#xF3;n. -- 10: Motivaci&#xF3;n. -- 11: Desarrollo perceptivo. -- 12: Desarrollo emotivo. -- 13: Adquisici&#xF3;n del lenguaje. -- 14: Desarrollo cognoscitivo. -- 15: Inteligencia: teor&#xED;a y evaluaci&#xF3;n. -- 16: Inteligencia: su desarrollo y sus correlatos. -- 17: Sociabilizaci&#xF3;n. -- 18: Factores biogen&#xE9;ticos en el desarrollo. -- 19: Modificaci&#xF3;n de la conducta: aplicaciones cl&#xED;nicas y educativas. -- Referencias. -- &#xCD;ndice de autores. -- &#xCD;ndice anal&#xED;tico.</subfield>
  </datafield>
  <datafield tag="650" ind1=" " ind2="7">
    <subfield code="a">Psicolog&#xED;a infantil</subfield>
    <subfield code="2">lemb</subfield>
    <subfield code="9">141415</subfield>
  </datafield>
  <datafield tag="650" ind1=" " ind2=" ">
    <subfield code="a">Psicolog&#xED;a experimental</subfield>
    <subfield code="9">58321</subfield>
  </datafield>
  <datafield tag="700" ind1="1" ind2="0">
    <subfield code="a">Reese, Hayne W.</subfield>
    <subfield code="4">aut</subfield>
    <subfield code="e">aut</subfield>
    <subfield code="9">246967</subfield>
  </datafield>
  <datafield tag="942" ind1=" " ind2=" ">
    <subfield code="c">BOOK</subfield>
  </datafield>
  <datafield tag="999" ind1=" " ind2=" ">
    <subfield code="c">11147</subfield>
    <subfield code="d">11147</subfield>
  </datafield>
  <datafield tag="952" ind1=" " ind2=" ">
    <subfield code="0">0</subfield>
    <subfield code="1">0</subfield>
    <subfield code="4">0</subfield>
    <subfield code="7">0</subfield>
    <subfield code="8">GEN</subfield>
    <subfield code="a">BC</subfield>
    <subfield code="b">BC</subfield>
    <subfield code="d">1999-04-07</subfield>
    <subfield code="i">C62725</subfield>
    <subfield code="l">0</subfield>
    <subfield code="o">155.4 R329p</subfield>
    <subfield code="p">61000004224731</subfield>
    <subfield code="r">2023-04-20 00:00:00</subfield>
    <subfield code="t">1</subfield>
    <subfield code="w">2023-04-20</subfield>
    <subfield code="y">BOOK</subfield>
  </datafield>
</record>
